'S' Natural World Quiz Stats

 Plays Quiz Updated Jun 23, 2018

Also try: 'R' Natural World
Challenge
Share
Tweet
Embed
Score 0/21 Timer 05:00
2 Plays Today
Hint Answer % Correct
Some types of which rodent are well-known for eating and burying nuts?Squirrel
89.6%
Which American mammal squirts a spray of foul-smelling irritant liquid from its anal glands when attacked? Skunk
88.8%
Which large edible fish is a popular sporting fish and much prized for its pink flesh?Salmon
87.9%
What name is given to the slow-moving tree-dwelling mammal of the jungles of Central and South America?Sloth
87.8%
Which flower which can grow up to 3 meters tall is cultivated for its edible seeds and oil used in cooking?Sunflower
87.3%
Which arachnid has lobster-like pincers and a poisonous sting at the end of its jointed tail?Scorpion
86.3%
Which dung beetle was regarded as sacred in ancient Egypt?Scarab
77.4%
Which almost entirely aquatic fish-eating animal is normally found in cold waters such as Polar regions?Seal
77.1%
Which vegetable with large dark green leaves features in the French dish 'À la Florentine'?Spinach
75.9%
Which whale that typically feeds at great depths on squid is the source of ambergris?Sperm whale
70.8%
Which large, long-legged, long-necked wading bird is known to build nests on chimneys?Stork
69.8%
Hint Answer % Correct
Which small tough-skinned terrestrial mollusk which typically lacks a shell can be a serious plant pest?Slug
68.1%
Which large waterbird has a long flexible neck, short legs, a broad bill and typically all-white plumage?Swan
63.2%
Which very large Eurasian primitive fish is of commercial importance for its caviar and flesh?Sturgeon
54.2%
Which leopard sometimes called an 'ounce' is native to the mountain ranges of Central and South Asia?Snow leopard
53.2%
What name is given to a coniferous evergreen tree that comes from the genus Picea?Spruce
48.9%
Which small mole or mouse-like insectivorous mammal has a long pointed snout and tiny eyes?Shrew
44.1%
Which insect-feeding bird with long slender wings lives most of its life on the wing? Swift
43.5%
Which southern African gazelle that forms large herds has a characteristic habit of leaping when disturbed?Springbok
36.2%
Which sea animal, which belongs to the phylum Porifera, relies on maintaining a constant water flow through its body to obtain food and oxygen? Sponge
28.2%
The Antirrhinum flower is commonly known by what name?Snapdragon
13.9%

You're not logged in!

Compare scores with friends on all Sporcle quizzes.
OR
Log In

You Might Also Like...

Show Comments

Extras

Top Quizzes Today


Score Distribution

Your Account Isn't Verified!

In order to create a playlist on Sporcle, you need to verify the email address you used during registration. Go to your Sporcle Settings to finish the process.

Report this User

Report this user for behavior that violates our Community Guidelines.

Details: